| 000 | 01484nam0a2200349 4500 | ||
|---|---|---|---|
| 001 | RU\NLR\bibl\1375187 | ||
| 005 | 20260406113757.0 | ||
| 010 |
_a978-5-8455-0151-6 _bв пер. _920000 |
||
| 021 |
_aRU _b2009-24452 _91449 |
||
| 035 | _a(nilc)RSL-KNO-004271832 | ||
| 035 | _a(NLR Aleph) 001367298 | ||
| 090 |
_a1019142 _c1019142 |
||
| 100 | _a20090331d2009 |||y0rusy50 ca | ||
| 101 | 0 | _arus | |
| 102 | _aRU | ||
| 105 | _aa ||||||||| | ||
| 200 | 1 |
_aМаксимка _e[рассказ _e3 класс] _fК. М. Станюкович _g[худож. И. Р. Голуб] _gПравительство Москвы, Департамент образования г. Москвы, Московский гор. пед. ун-т |
|
| 210 |
_aМосква _cЖизнь и мысль _cМосковские учебники _d2009 |
||
| 215 |
_a63 с. _cцв. ил. _d22 |
||
| 225 | 1 | _aБиблиотечка МГПУ | |
| 225 | 1 | _aКнига здравствуй! | |
| 686 |
_aШ9(2)6=Р50-40 _2rubbk |
||
| 686 | _aШ9(2)60=Р5-4 | ||
| 700 | 1 |
_4070 _8rus _7ca _aСтанюкович _bК. М. _f1843-1903 _gКонстантин Михайлович _3RU\NLR\auth\77148 _9110225 |
|
| 702 | 1 |
_4040 _8rus _7ca _aГолуб _bИ. Р. _cхудожник _f1970- _gИрина Робертовна _3RU\NLR\auth\7778501 _961429 |
|
| 801 | 0 |
_aRU _bРКП _c20090331 _grcr |
|
| 801 | 1 |
_aRU _bРГБ _c20090331 |
|
| 801 | 2 |
_aRU _bNLR _c20090602 _grcr |
|
| 942 | _cBOOK | ||
| 980 | _aNB | ||